| 000 | 01231nam a22002411a 4500 | ||
|---|---|---|---|
| 999 |
_c19011 _d19011 |
||
| 001 | 19011 | ||
| 003 | OSt | ||
| 005 | 20260204212433.0 | ||
| 008 | 190108s2017||||dr ||||||b||||||||||spa|| | ||
| 090 | _aESP-GCE 2017 R39 | ||
| 100 | 1 |
_aReyes Almánzar, Suyeys A. _esustentante |
|
| 245 | 1 | _aHabilitación del espacio recreativo en el entorno o patio de la escuela primaria Narciso Alberti, Distrito Educativo 16-03 de Cevicos, 2017-2018/Suyeys A. Reyes Almánzar, Yulklania Morales Vásquez y Yoeli Yordani Nicasio Morales ; asesor Jaime Arismendi Acosta Padilla | |
| 260 |
_aCotuí, Republica Dominicana : _bUTECO, _c2017 |
||
| 300 | _a46 hojas : | ||
| 502 | _aTesis (Especialidad en Planificación y Gestión de Centros Educativos)--Universidad Tecnológica del Cibao Oriental, 2017 | ||
| 504 | _aIncluye referencia bibliográfica e índice | ||
| 650 | 4 | _aEspacio recreativo--Especialidad en Planificación y Gestión de Centros Educativos | |
| 700 | 1 |
_aMorales Vásquez, Yulklamia _esustentante |
|
| 700 | 1 |
_aNicasio Morales, Yoeli Yordani _esustentante |
|
| 700 | 1 |
_aAcosta Padilla, Jaime Arismendi _easesor |
|
| 830 | _aTesis y disertaciones académicas (Universidad Tecnológica del Cibao Oriental) | ||
| 942 |
_2LC _cTH |
||